| 000 | 00860nam a2200205Ii 4500 | ||
|---|---|---|---|
| 003 | JO-AjNU | ||
| 008 | 230605s9999||||xx |||||||||||||| ||und|| | ||
| 040 |
_aJO-AjNU _bara _erda _cJO-AjNU |
||
| 041 | _aara | ||
| 050 | 1 | 4 | _aPN73 2005 |
| 100 | 3 |
_aتأليف: جيدير، ماثيو ؛ ترجمة ملكة ابيض, _eauthor _957311 |
|
| 245 | 0 | 0 | _aمنهجية البحث: دليل الباحث المبتدىء في الآداب واللغات والعلوم الانسانية والاجتماعية =Methodologie de la recherche |
| 250 | _aط1 | ||
| 264 | 3 | 1 | _aدمشق: وزارة الثقافة، 2005 |
| 300 |
_a168ص _bيحتوي على ببلوغرافية من ص160-168ص |
||
| 336 |
_atext _btxt _2rdacontent |
||
| 337 |
_aunmediated _bn _2rdamedia |
||
| 338 |
_avolume _bnc _2rdacarrier |
||
| 650 | 4 |
_aمناهج البحث - الآداب _957312 |
|
| 999 |
_aA25673 _c29241 _d29241 |
||